[Event "FIDE Open"]
[Site "Voronezh"]
[Date "2018.06.14"]
[Round "3.11"]
[White "Novikov, Sergey D"]
[Black "Slastikhin, Vladislav"]
[Result "1-0"]
[WhiteElo "2180"]
[BlackElo "1846"]
[Annotator ""]
[Source ""]
[Remark ""]

1.d4 d5 2.c4 e6 3.Nf3 Nf6 4.g3 c5 5.cxd5 exd5 6.Bg2 Nc6 7.O-O
Be7 8.Nc3 O-O 9.dxc5 Bxc5 10.a3 a5 11.Bg5 Be6 12.Rc1 Ba7 13.Qd3
h6 14.Bf4 Rc8 15.Nb5 Bb8 16.Be3 Re8 17.Nbd4 Ng4 18.Nxc6 bxc6
19.Bc5 Ne5 20.Qa6 Nxf3+ 21.Bxf3 Be5 22.b3 Bd6 23.Rc3 Be5 24.Rcc1
Bd6 25.Rfd1 Rb8 26.Qxc6 Bxc5 27.Qxc5 Rxb3 28.Bxd5 Bxd5 29.Rxd5
Qe7 30.Qxe7 Rxe7 31.Rd3 Reb7 32.Rc8+ Kh7 33.Rc5 Rxd3 34.exd3
a4 35.Rc4 Rb3 36.Rxa4 Rxd3 37.Kg2 g6 38.Kh3 Rf3 39.Kg2 Rb3 40.Kf1
Rb2 41.Re4 Ra2 42.Re3 h5 43.Kg2 Kg7 44.Kf3 Kf6 45.Rd3 Kg7 46.Ke3
Kf6 47.h3 Kg7 48.f4 Rh2 49.h4 Rb2 50.Kd4 Kf6 51.Kc4 Kf5 52.a4
Ke4 53.Rb3 Ra2 54.Kb5 Kd5 55.a5 Kd6 56.Kb6 Kd7 57.a6 Kc8 58.a7
Ra1 59.Rb5 Ra3 60.Ra5 Rxa5 61.Kxa5 Kb7 62.Kb5 1-0

[Event "FIDE Open"]
[Site "Voronezh"]
[Date "2018.06.14"]
[Round "3.12"]
[White "Kulpin, Dmitriy"]
[Black "Provkin, Vladimir"]
[Result "1-0"]
[WhiteElo "1954"]
[BlackElo "2182"]
[Annotator ""]
[Source ""]
[Remark ""]

1.d4 Nf6 2.Nf3 g6 3.c4 Bg7 4.g3 O-O 5.Bg2 d6 6.O-O Nc6 7.Nc3
Bg4 8.d5 Bxf3 9.exf3 Na5 10.Qd3 c5 11.Bd2 a6 12.Rfe1 Rb8 13.Rab1
b5 14.b3 Qc7 15.Ne4 Rb7 16.Bf1 Rfb8 17.Qc2 Nd7 18.f4 Bd4 19.Bd3
Nf6 20.Nxf6+ exf6 21.cxb5 axb5 22.b4 cxb4 23.Qxc7 Rxc7 24.Rxb4
Nc4 25.Rc1 Bc5 26.Rcxc4 Bxb4 27.Rxb4 Rc5 28.Be3 Rxd5 29.Be2 Ra8
30.Bf3 1-0

[Event "FIDE Open"]
[Site "Voronezh"]
[Date "2018.06.14"]
[Round "3.13"]
[White "Gutsulyak, Nikolay"]
[Black "Lukovnikov, Alexander"]
[Result "0-1"]
[WhiteElo "1953"]
[BlackElo "2153"]
[Annotator ""]
[Source ""]
[Remark ""]

1.e4 c5 2.Nc3 Nc6 3.f4 e6 4.Nf3 d5 5.Bb5 a6 6.Bxc6+ bxc6 7.d3
Nf6 8.O-O Be7 9.Qe1 O-O 10.b3 Rb8 11.Ba3 Qc7 12.e5 Ne8 13.Na4
c4 14.Bxe7 Qxe7 15.d4 Nc7 16.Nc5 Nb5 17.Qe3 a5 18.Nd2 Rd8 19.Rf3
Na3 20.Rc1 Rb4 21.Rh3 f5 22.Nb1 Nxb1 23.Rxb1 Rb5 24.Rd1 Bd7 25.Qf2
h6 26.Qh4 Qf8 27.Rc3 cxb3 28.axb3 Bc8 29.Ra1 Re8 30.Qe1 Qe7 31.Qd2
Rd8 32.Re3 Qc7 33.Ree1 Qe7 34.Rxa5 Rxa5 35.Qxa5 Rf8 36.Qb6 g5
37.Rf1 Kh7 38.Qb4 Rg8 39.Qd2 Bd7 40.Rf3 Be8 41.fxg5 hxg5 42.Rh3+
Kg7 43.Qxg5+ Qxg5 44.Nxe6+ Kf7 45.Nxg5+ Rxg5 46.Rh7+ Rg7 47.Rxg7+
Kxg7 48.Kf2 Bh5 49.b4 Bd1 50.c3 f4 51.g3 fxg3+ 52.Kxg3 Bc2 53.Kf4
Kg6 54.h4 Bd1 55.e6 Kf6 56.e7 Bh5 57.c4 dxc4 58.b5 Kxe7 0-1

[Event "FIDE Open"]
[Site "Voronezh"]
[Date "2018.06.14"]
[Round "3.14"]
[White "Mikhnenko, Alexander"]
[Black "Peschansky, Mikhail"]
[Result "0-1"]
[WhiteElo "1945"]
[BlackElo "2137"]
[Annotator ""]
[Source ""]
[Remark ""]

1.d4 d6 2.e4 Nf6 3.Nc3 g6 4.f4 c6 5.Nf3 Bg7 6.Be2 O-O 7.O-O Bg4
8.Be3 Na6 9.e5 Nd5 10.Nxd5 cxd5 11.c3 Qb6 12.Qb3 Qxb3 13.axb3
Nc7 14.Bd3 dxe5 15.Nxe5 Be6 16.Bf2 f6 17.Nf3 Bg4 18.Bg3 Ne8 19.Rfe1
Kf7 20.Ra5 Bxf3 21.gxf3 e6 22.Rea1 a6 23.Rb5 axb5 24.Rxa8 Nd6
25.Ra5 b4 26.f5 Nxf5 27.Bxf5 gxf5 28.Ra7 bxc3 29.Rxb7+ Kg6 30.bxc3
Rc8 31.Bc7 Bh6 32.f4 Kh5 33.Kg2 Kg4 34.h3+ Kh4 35.Ba5 Rg8+ 36.Kf2
Kxh3 37.Rxh7 Rg6 38.Bb4 Kg4 39.Bd6 Bxf4 40.Bxf4 Kxf4 41.Rh4+
Kg5 42.Rh2 f4 43.b4 Kf5 44.Rh5+ Ke4 45.Rh1 Kd3 46.Rh3+ Kc4 47.Kf3
Kxc3 48.b5 Kxd4 49.Kxf4 Rg7 50.Rh6 Rb7 51.Rxf6 e5+ 52.Kf5 Rxb5
53.Rd6 e4 0-1

[Event "FIDE Open"]
[Site "Voronezh"]
[Date "2018.06.15"]
[Round "4.15"]
[White "Levicheva, Ekaterina"]
[Black "Manukovsky, Vladimir"]
[Result "1-0"]
[WhiteElo "1908"]
[BlackElo "2146"]
[Annotator ""]
[Source ""]
[Remark ""]

1.e4 c5 2.Nf3 d6 3.d4 cxd4 4.Nxd4 Nf6 5.f3 Nc6 6.c4 Qb6 7.Nb3
g6 8.Nc3 Bg7 9.Qe2 O-O 10.Be3 Qc7 11.Rc1 Be6 12.Qd2 Rfc8 13.Be2
Ne5 14.Nd5 Qd8 15.O-O Nxd5 16.cxd5 Bd7 17.Nd4 a6 18.Nb3 f5 19.f4
Nf7 20.exf5 Bxf5 21.Nd4 Nh6 22.Ne6 Bxe6 23.dxe6 Nf5 24.Bf2 Rxc1
25.Rxc1 Rc8 26.Rf1 h5 27.Qd5 Qc7 28.Bxh5 gxh5 29.Qxf5 Rf8 30.Qg5
Qc4 31.f5 Qe4 32.Ba7 h4 33.Qf4 Qd5 34.Qg4 Rc8 35.Rd1 Qe5 36.b3
Qf6 37.Bd4 Qh6 38.Rf1 Rc1 39.Qxg7+ Qxg7 40.Bxg7 Rxf1+ 41.Kxf1
Kxg7 42.g4 hxg3 43.hxg3 Kf6 44.g4 Kg5 45.Ke2 Kf6 46.Kf3 Ke5 47.Ke3
Kf6 48.Kf4 Kg7 49.g5 Kf8 50.f6 b6 51.Kf5 a5 52.fxe7+ Kxe7 53.g6
Kf8 54.Kf6 d5 55.g7+ Kg8 56.e7 1-0

[Event "FIDE Open"]
[Site "Voronezh"]
[Date "2018.06.15"]
[Round "4.16"]
[White "Beldyugin, Alexey"]
[Black "Krupin, Victor"]
[Result "1/2-1/2"]
[WhiteElo "2113"]
[BlackElo "1938"]
[Annotator ""]
[Source ""]
[Remark ""]

1.d4 d5 2.c4 e6 3.Nc3 Nf6 4.Nf3 Be7 5.g3 O-O 6.Bg2 dxc4 7.O-O
Nc6 8.e3 Rb8 9.Nd2 Na5 10.b3 cxb3 11.axb3 c5 12.Ba3 cxd4 13.Bxe7
Qxe7 14.Rxa5 dxc3 15.Nb1 Qc7 16.Ra2 b5 17.b4 Qc4 18.Qc2 Qxb4
19.Rxa7 Qc5 20.Ra5 Bb7 21.Qxc3 Qxc3 22.Nxc3 Bxg2 23.Kxg2 b4 24.Nb5
Rfc8 25.Rb1 Nd5 26.e4 Nc3 27.Nxc3 bxc3 28.Rxb8 Rxb8 29.Rc5 g6
30.Rxc3 h5 31.Kf3 Kg7 32.h4 Kf6 33.Rc6 Rb2 34.Ke3 Ra2 35.Rb6
Rc2 36.f3 Ra2 37.Kf4 Ra3 38.e5+ Kg7 39.Rb4 Ra5 40.Rc4 Ra3 1/2-1/2

[Event "FIDE Open"]
[Site "Voronezh"]
[Date "2018.06.15"]
[Round "4.17"]
[White "Khajrutdinov, Ildar"]
[Black "Bukatin, Arseny"]
[Result "1-0"]
[WhiteElo "2106"]
[BlackElo "1894"]
[Annotator ""]
[Source ""]
[Remark ""]

1.Nf3 d5 2.g3 e6 3.Bg2 Nf6 4.O-O Be7 5.d4 O-O 6.c4 c6 7.Qc2 b6
8.Rd1 Bb7 9.Nc3 Nbd7 10.cxd5 cxd5 11.Bf4 Rc8 12.Qd3 Ne4 13.Nd2
g5 14.Be3 f5 15.f3 Nd6 16.Bf2 Nb8 17.e4 Qd7 18.exd5 exd5 19.Re1
Rce8 20.Qc2 f4 21.g4 Na6 22.Qb3 Nc7 23.a4 Bf6 24.Bf1 Rxe1 25.Rxe1
Kg7 26.Bd3 Re8 27.Rxe8 Qxe8 28.Kg2 Bc6 29.Qc2 h6 30.b3 Ne6 31.Ne2
a5 32.Nb1 Qd7 33.Nbc3 Kh8 34.Na2 Bb7 35.Nac1 Qg7 36.Qc3 Ne8 37.Bf5
N8c7 38.b4 axb4 39.Qxb4 Na8 40.Nd3 Qe7 41.Qb2 Ba6 42.Ne5 Kg7
43.Nc3 Qd6 44.Nb5 Bxb5 45.Qxb5 Nac7 46.Qb2 Na6 47.Bb1 Nec7 48.Qc2
Bxe5 49.dxe5 Qe6 50.Qh7+ Kf8 51.Qh8+ Ke7 52.Qg7+ Kd8 53.Bf5 Qc6
54.Bxb6 Qxa4 55.Qf8+ Qe8 56.Qd6+ 1-0

[Event "FIDE Open"]
[Site "Voronezh"]
[Date "2018.06.15"]
[Round "4.18"]
[White "Pokhlebin, Sergej"]
[Black "Abramov, Ilya"]
[Result "0-1"]
[WhiteElo "1898"]
[BlackElo "2089"]
[Annotator ""]
[Source ""]
[Remark ""]

1.e4 Nf6 2.e5 Nd5 3.d4 d6 4.Nf3 dxe5 5.Nxe5 c6 6.Be2 Bf5 7.c3
Nd7 8.Nf3 e6 9.O-O Bd6 10.Re1 O-O 11.Bf1 c5 12.Nbd2 Rc8 13.Ne4
Bb8 14.Ng3 Bg6 15.Bg5 Qb6 16.dxc5 Nxc5 17.Nh4 Qxb2 18.Nxg6 fxg6
19.Re2 Qxc3 20.Rc1 Qb4 21.Rec2 b6 22.Bc4 Bf4 23.Bxf4 Nxf4 24.Qd4
Kh8 25.Qe5 Ncd3 26.Bxd3 Nxd3 27.Qe3 Nxc1 28.Rxc1 Rxc1+ 29.Qxc1
Qc5 30.Qe1 e5 31.Ne4 Qd4 32.Ng5 Qd5 33.h4 h6 34.Ne4 Qxa2 35.Qb4
Rc8 36.Qd6 Qb1+ 0-1

[Event "FIDE Open"]
[Site "Voronezh"]
[Date "2018.06.15"]
[Round "4.19"]
[White "Bitkinin, Lenar"]
[Black "Sokolovsky, Victor"]
[Result "1-0"]
[WhiteElo "2055"]
[BlackElo "1866"]
[Annotator ""]
[Source ""]
[Remark ""]

1.d4 d5 2.Nf3 Nf6 3.c4 e6 4.Nc3 c5 5.cxd5 exd5 6.e3 Be7 7.Be2
O-O 8.O-O Nc6 9.b3 Re8 10.Bb2 Bf5 11.Rc1 cxd4 12.Nxd4 Be4 13.Nxe4
dxe4 14.Bb5 Qa5 15.a4 Rad8 16.Bxc6 bxc6 17.Nxc6 Rxd1 18.Nxa5
Rd3 19.Rfd1 Bb4 20.Rxd3 exd3 21.Nc6 Bd6 22.Rd1 Rc8 23.Nd4 Ng4
24.h3 Ne5 25.f4 Nc6 26.Nf5 Bf8 27.Rxd3 Nb4 28.Rd7 a6 29.Kh2 h5
30.Bxg7 Nc2 31.Bxf8 Rxf8 32.Ra7 Nb4 33.Kg3 Kh7 34.Kh4 Kg6 35.e4
Rd8 36.Rb7 Nd3 37.Rb6+ Kh7 38.g3 Nc5 39.e5 a5 40.Nd6 Rd7 41.Kxh5
Ne6 42.f5 Nd4 43.g4 Nf3 44.e6 1-0

[Event "FIDE Open"]
[Site "Voronezh"]
[Date "2018.06.15"]
[Round "4.20"]
[White "Selensky, Andrey"]
[Black "Sukhareva, Valentina"]
[Result "1-0"]
[WhiteElo "2040"]
[BlackElo "1847"]
[Annotator ""]
[Source ""]
[Remark ""]

1.d4 c5 2.d5 d6 3.e4 Nf6 4.Nc3 a6 5.a4 g6 6.Be2 Bg7 7.h3 O-O
8.Nf3 e6 9.Bg5 exd5 10.Nxd5 Nbd7 11.Qd3 h6 12.Bf4 Nxd5 13.Qxd5
Nf6 14.Qd3 Re8 15.Nd2 d5 16.e5 Bf5 17.Qg3 Nd7 18.Nf3 Bxc2 19.O-O
g5 20.Nxg5 hxg5 21.Bxg5 Bxe5 22.f4 Bd4+ 23.Kh1 Re3 24.Bf3 Qf8
25.Qg4 Re6 26.Bxd5 Rd6 27.Bf6+ Kh7 28.Qh5+ 1-0

[Event "FIDE Open"]
[Site "Voronezh"]
[Date "2018.06.15"]
[Round "4.21"]
[White "Katkov, Vitaly"]
[Black "Aloyan, Mikhail"]
[Result "1/2-1/2"]
[WhiteElo "2018"]
[BlackElo "1759"]
[Annotator ""]
[Source ""]
[Remark ""]

1.Nf3 d5 2.c4 c6 3.b3 Nf6 4.Bb2 g6 5.cxd5 cxd5 6.Bxf6 exf6 7.g3
Bg7 8.d4 O-O 9.Bg2 f5 10.e3 Nd7 11.Nbd2 Nf6 12.O-O Ne4 13.Ne5
Qd6 14.Ndf3 g5 15.Nd3 Bh6 16.Re1 f4 17.exf4 gxf4 18.Nfe5 fxg3
19.fxg3 f5 20.Nf4 Bg7 21.Rc1 Bxe5 22.Rxe4 dxe4 23.dxe5 Qxe5 24.Bf1
b5 25.Qh5 a6 26.Rd1 Ra7 27.a4 Rg7 28.axb5 axb5 29.Qh6 Qf6 30.Qxf6
Rxf6 31.Nh5 Rc6 32.Bxb5 Rgc7 33.Bxc6 Rxc6 34.Nf4 Kf7 35.b4 Rb6
36.Rb1 Bb7 37.Kf2 Rc6 38.Rb2 Rc1 39.b5 Rh1 40.Ke3 Kf6 41.Kd4
Rc1 42.Re2 Rc8 43.Ra2 1/2-1/2

[Event "FIDE Open"]
[Site "Voronezh"]
[Date "2018.06.15"]
[Round "4.22"]
[White "Tverdokhleb, Aleksandr"]
[Black "Zisin, Oleg"]
[Result "0-1"]
[WhiteElo "1889"]
[BlackElo "2012"]
[Annotator ""]
[Source ""]
[Remark ""]

1.e4 c5 2.Nf3 d6 3.Bb5+ Nd7 4.d3 g6 5.O-O Bg7 6.c3 a6 7.Ba4 b5
8.Bb3 Ngf6 9.Qe2 Bb7 10.Bf4 O-O 11.Nbd2 Qb6 12.d4 c4 13.Bc2 e6
14.e5 dxe5 15.dxe5 Nd5 16.Bg3 Nc5 17.Ne4 Nxe4 18.Bxe4 Rfd8 19.Rfd1
b4 20.Qxc4 bxc3 21.bxc3 Rac8 22.Qd4 Qc7 23.Bh4 h5 0-1

[Event "FIDE Open"]
[Site "Voronezh"]
[Date "2018.06.15"]
[Round "4.23"]
[White "Savoskin, Vladimir"]
[Black "Strukova, Ksenia"]
[Result "1-0"]
[WhiteElo "1743"]
[BlackElo "1994"]
[Annotator ""]
[Source ""]
[Remark ""]

1.Nf3 Nf6 2.b3 g6 3.Bb2 Bg7 4.e3 d5 5.Be2 O-O 6.O-O Bg4 7.d4
Nbd7 8.Nbd2 Re8 9.Rc1 c6 10.c4 dxc4 11.Bxc4 Nb6 12.Bxf7+ Kxf7
13.Ne5+ Kg8 14.Nxg4 Nfd5 15.Nc4 Nd7 16.Qe2 h5 17.Nge5 Nxe5 18.Nxe5
Bxe5 19.dxe5 Qa5 20.Bd4 Rac8 21.f4 e6 22.e4 Nb4 23.f5 Qa6 24.Rc4
exf5 25.exf5 c5 26.Ba1 b5 27.Re4 Qxa2 28.Qxb5 Qa6 29.Qxa6 Nxa6
30.fxg6 Re6 31.Rf6 Rce8 32.Ref4 Nc7 33.Rxe6 Nxe6 34.Rf7 a6 35.Ra7
Nf4 36.Rxa6 Re6 37.Rxe6 Nxe6 38.Kf2 Nf4 39.g3 Nxg6 40.Ke3 Kf7
41.Ke4 Ke6 42.Bb2 h4 43.g4 Nf8 44.h3 Nd7 45.Bc3 Nb6 46.Be1 Nd7
47.Bxh4 Nxe5 48.Bf2 c4 49.bxc4 Nxc4 50.Be3 Nd6+ 51.Kf4 Kf6 52.h4
Ne8 53.h5 Nc7 54.g5+ Kf7 55.Ke5 Ne8 56.Bd4 Kg8 57.Kf5 Kh7 58.Be5
Ng7+ 59.Kg4 Ne6 60.g6+ Kg8 61.Kf5 Nf8 62.h6 1-0

[Event "FIDE Open"]
[Site "Voronezh"]
[Date "2018.06.15"]
[Round "4.24"]
[White "Slastikhin, Vladislav"]
[Black "Tikhonov, Viacheslav"]
[Result "1/2-1/2"]
[WhiteElo "1846"]
[BlackElo "1993"]
[Annotator ""]
[Source ""]
[Remark ""]

1.d4 Nf6 2.c4 g6 3.Nc3 d5 4.cxd5 Nxd5 5.e4 Nxc3 6.bxc3 Bg7 7.Bc4
c5 8.Ne2 Nc6 9.Be3 O-O 10.O-O cxd4 11.cxd4 Na5 12.Bd3 Nc6 13.Bb5
Bd7 14.Rc1 a6 15.Bxc6 Bxc6 16.d5 Bb5 17.a4 Bxe2 18.Qxe2 Qd7 19.a5
Rfe8 20.Rfd1 Rac8 21.Rc4 Rxc4 22.Qxc4 Rc8 23.Qb3 Bc3 24.Rb1 Bxa5
25.Qxb7 Qxb7 26.Rxb7 Rc7 27.Rb8+ Kg7 28.Ra8 Rb7 29.g3 Bb6 30.Bxb6
Rxb6 31.Ra7 e6 32.dxe6 Rxe6 33.e5 Rxe5 34.Rxa6 Re1+ 35.Kg2 Re2
36.h4 h5 37.Kf3 Rc2 38.Kg2 Re2 39.Kf3 Rc2 40.Kg2 Re2 1/2-1/2

[Event "FIDE Open"]
[Site "Voronezh"]
[Date "2018.06.15"]
[Round "4.25"]
[White "Kolyuzhnov, Vladislav"]
[Black "Korolkov, Alexander"]
[Result "1-0"]
[WhiteElo "1986"]
[BlackElo "1734"]
[Annotator ""]
[Source ""]
[Remark ""]

1.Nf3 d5 2.d4 Nf6 3.c4 c6 4.Nc3 e6 5.Bg5 Be7 6.e3 Nbd7 7.cxd5
exd5 8.Bd3 h6 9.Bh4 O-O 10.O-O Re8 11.Bg3 Nh5 12.Be5 Nxe5 13.Nxe5
Nf6 14.f4 Nd7 15.Qh5 Nxe5 16.fxe5 Be6 17.Ne2 Bg5 18.Nf4 Bxf4
19.Rxf4 Qg5 20.Qe2 h5 21.Raf1 g6 22.Qf2 Re7 23.Kh1 Kg7 24.Rf6
Rc7 25.h4 Qh6 26.Bxg6 Qxg6 27.Rxg6+ Kxg6 28.Qf6+ Kh7 29.Qg5 Rg8
30.Qxh5+ Kg7 31.g4 Kf8 32.g5 Ke7 33.Qh6 Rg6 34.Qh7 Rc8 35.Rf6
Rgg8 36.g6 Rh8 37.Rxf7+ Bxf7 38.Qxf7+ 1-0

[Event "FIDE Open"]
[Site "Voronezh"]
[Date "2018.06.15"]
[Round "4.26"]
[White "Kazmin, Semen"]
[Black "Lesnykh, Zhanna"]
[Result "1-0"]
[WhiteElo "1970"]
[BlackElo "1616"]
[Annotator ""]
[Source ""]
[Remark ""]

1.e4 e5 2.Nf3 d6 3.d4 exd4 4.Nxd4 Nf6 5.Nc3 Be7 6.f3 O-O 7.Be3
a6 8.Qd2 b5 9.O-O-O b4 10.Nd5 Nxd5 11.exd5 a5 12.Bd3 Bd7 13.Rhe1
Na6 14.Nc6 Bxc6 15.dxc6 Qb8 16.Qe2 Qc8 17.g4 Re8 18.Bf5 Qb8 19.Bd7
Rd8 20.Rd5 Rxd7 21.cxd7 c6 22.Rxa5 Nc7 23.Ba7 Rxa7 24.Qxe7 h6
25.Rxa7 Ne6 26.Rxe6 Qxa7 27.d8R+ Kh7 28.Qxa7 fxe6 29.Rd7 Kg6
30.Rxg7+ Kf6 31.f4 e5 32.Qf7# 1-0

[Event "FIDE Open"]
[Site "Voronezh"]
[Date "2018.06.15"]
[Round "4.27"]
[White "Rudakov, Sergey S."]
[Black "Kuzmin, Roman"]
[Result "0-1"]
[WhiteElo "1568"]
[BlackElo "1963"]
[Annotator ""]
[Source ""]
[Remark ""]

1.e4 c5 2.c3 d5 3.exd5 Qxd5 4.d4 cxd4 5.cxd4 Nc6 6.Nf3 Bg4 7.Be2
e6 8.O-O Nf6 9.Nc3 Qd8 10.Be3 Bd6 11.Qb3 a6 12.Rad1 O-O 13.Bg5
Na5 14.Bxf6 Qxf6 15.Qb6 Bxf3 16.Qxd6 Bxe2 17.Nxe2 Nc6 18.Rd2
Rfd8 19.Qc7 Qe7 20.Qb6 Rac8 21.Rfd1 Nb4 22.Nc3 Nd5 23.Qb3 Nxc3
24.bxc3 b5 25.a4 Rd5 26.axb5 axb5 27.Re2 Rc4 28.Rdd2 Qc7 29.Rd3
g6 30.g3 Qa5 31.Qb2 Qc7 32.Red2 Qd7 33.Qb1 Qc6 34.Qb3 Qd7 35.Qb1
Kg7 36.Rd1 Rc6 37.Qb2 Qd6 38.Qe2 Qa3 39.Qf3 Qb3 40.Qe3 Rxc3 0-1

[Event "FIDE Open"]
[Site "Voronezh"]
[Date "2018.06.15"]
[Round "4.28"]
[White "Provkin, Vladimir"]
[Black "Teryaeva, Valeria"]
[Result "1-0"]
[WhiteElo "2182"]
[BlackElo "1787"]
[Annotator ""]
[Source ""]
[Remark ""]

1.d4 f5 2.Bg5 g6 3.Nc3 Nh6 4.f3 Nf7 5.Bh4 d5 6.e4 dxe4 7.fxe4
Bg7 8.Nf3 fxe4 9.Nxe4 Nc6 10.c3 Qd5 11.Bd3 Bf5 12.Qe2 O-O 13.Nfd2
e5 14.Bc4 Qa5 15.d5 Ncd8 16.a4 c6 17.b4 Qc7 18.d6 Qc8 19.O-O
Kh8 20.Be7 Ne6 21.Nc5 Nf4 22.Qe3 b6 23.Nce4 Nd5 24.Qg3 Re8 25.Qh4
Be6 26.Rf2 Nh6 27.Nf6 Nxf6 28.Bxf6 Nf5 29.Bxg7+ Kxg7 30.Qe4 Bd7
31.Raf1 Nxd6 32.Rf7+ Nxf7 33.Rxf7+ Kh8 34.Qh4 1-0

[Event "FIDE Open"]
[Site "Voronezh"]
[Date "2018.06.15"]
[Round "4.29"]
[White "Yakimenko, Alexander A."]
[Black "Pikalova, Sofya"]
[Result "1-0"]
[WhiteElo "2094"]
[BlackElo "1739"]
[Annotator ""]
[Source ""]
[Remark ""]

1.e4 c5 2.Nc3 Nc6 3.f4 g6 4.Nf3 Bg7 5.Bc4 e6 6.O-O Nge7 7.d3
O-O 8.a3 d5 9.Ba2 a6 10.Qe1 b5 11.Qh4 Nd4 12.Nxd4 Bxd4+ 13.Kh1
Bb7 14.f5 exf5 15.Bg5 f6 16.Bh6 Rf7 17.Rae1 g5 18.Qh5 fxe4 19.Nxe4
Ng6 20.Bxg5 c4 21.Ng3 Bc8 22.Bc1 Raa7 23.c3 Be5 24.d4 Bxg3 25.hxg3
Qd6 26.Bb1 Qxg3 27.Re8+ Rf8 28.Qxd5+ Kg7 29.Rxf8 Nxf8 30.Qh5
Bb7 31.Bh6+ Kg8 32.Qh2 Qxh2+ 33.Kxh2 Kf7 34.g4 Bd5 35.g5 Ng6
36.Rf5 Rd7 37.Rxf6+ Ke8 38.Rxa6 Re7 39.Bxg6+ hxg6 40.Rxg6 Re2+
41.Kg3 Rxb2 42.Kf4 Rc2 43.Ke5 Bf7 44.Rb6 Rxc3 45.g6 Re3+ 46.Bxe3
Bxg6 47.Rxg6 1-0

[Event "FIDE Open"]
[Site "Voronezh"]
[Date "2018.06.15"]
[Round "4.30"]
[White "Strukov, Dmitry"]
[Black "Fadin, Evgeny"]
[Result "0-1"]
[WhiteElo "1737"]
[BlackElo "2056"]
[Annotator ""]
[Source ""]
[Remark ""]

1.e4 c5 2.Nf3 e6 3.Nc3 Nc6 4.d4 cxd4 5.Nxd4 Qc7 6.a3 Nf6 7.g3
a6 8.Bg2 Be7 9.O-O Nxd4 10.Qxd4 d6 11.Be3 O-O 12.h3 Nd7 13.Rad1
b5 14.b4 Bf6 15.e5 Bxe5 16.Qd3 d5 17.Bd4 Bb7 18.Bxe5 Nxe5 19.Qd4
Rac8 20.Nb1 Nd7 21.c3 Qb6 22.Rfe1 Rc4 23.Qxb6 Nxb6 24.Rd4 Rfc8
25.Red1 g6 26.Rxc4 Rxc4 27.f4 Na4 28.Rd4 Rc7 29.Rd3 Kf8 30.Kf2
Ke7 31.Ke2 Kd6 32.Kd2 Nb2 33.Rd4 Nc4+ 34.Kd3 f6 35.Bf3 e5 36.fxe5+
fxe5 0-1

[Event "FIDE Open"]
[Site "Voronezh"]
[Date "2018.06.15"]
[Round "4.31"]
[White "Granovskaya, Ekaterina"]
[Black "Ilyina, Lada"]
[Result "0-1"]
[WhiteElo "1731"]
[BlackElo "2031"]
[Annotator ""]
[Source ""]
[Remark ""]

1.d4 g6 2.e4 Bg7 3.c3 d6 4.Be3 Nd7 5.Nd2 e6 6.f3 Ne7 7.Bd3 b6
8.Ne2 Bb7 9.O-O O-O 10.Nb3 h6 11.Qd2 Kh7 12.Ng3 f5 13.f4 Nf6
14.Qc2 Rc8 15.Rad1 Qe8 16.Rfe1 Qf7 17.Bc1 d5 18.exf5 exf5 19.Nd2
Ne4 20.Nf3 c5 21.dxc5 bxc5 22.Bf1 Nxg3 23.hxg3 Nc6 24.Qf2 0-1

[Event "FIDE Open"]
[Site "Voronezh"]
[Date "2018.06.15"]
[Round "4.32"]
[White "Grekhov, Luka"]
[Black "Suleymanov, Emirlan"]
[Result "1-0"]
[WhiteElo "1955"]
[BlackElo "1701"]
[Annotator ""]
[Source ""]
[Remark ""]

1.e4 e5 2.Nf3 Nc6 3.Bb5 a6 4.Ba4 d6 5.O-O Bd7 6.c3 Nf6 7.d4 b5
8.Bb3 h6 9.h3 g6 10.Re1 Bg7 11.dxe5 dxe5 12.Bd5 Qe7 13.b3 a5
14.Nbd2 a4 15.c4 b4 16.bxa4 Nxd5 17.exd5 Nd8 18.Nxe5 Bxe5 19.Rb1
Bxa4 20.Nb3 Bxb3 21.Rxb3 O-O 22.Rbe3 f6 23.f4 Rxa2 24.fxe5 fxe5
25.Rxe5 Qf6 26.R5e2 b3 27.Bxh6 Rf7 28.Rxa2 bxa2 29.Qa1 Re7 30.Qxf6
Rxe1+ 31.Kf2 a1Q 32.Qxg6+ Kh8 33.Bg7+ Qxg7 34.Qh5+ Qh7 35.Qxh7+
Kxh7 36.Kxe1 Kg6 37.Kd2 Kf5 38.Kc3 Ke5 39.Kb4 Kd6 40.Kb5 Nf7
41.g4 Ne5 42.g5 Ng6 43.Ka6 Nh4 44.Kb7 Ng6 45.Kc8 Nh4 46.Kd8 Nf5
47.g6 Ng7 48.h4 c6 49.dxc6 Kxc6 50.Ke7 Kc5 51.Kf7 Nf5 52.g7 Kxc4
53.g8Q Nh6+ 54.Kg7+ Nxg8 55.Kxg8 Kd5 56.h5 Ke6 57.h6 Kf6 58.h7 1-0

[Event "FIDE Open"]
[Site "Voronezh"]
[Date "2018.06.15"]
[Round "4.33"]
[White "Efendieva, Alina"]
[Black "Gutsulyak, Nikolay"]
[Result "0-1"]
[WhiteElo "1727"]
[BlackElo "1953"]
[Annotator ""]
[Source ""]
[Remark ""]

1.e4 c5 2.Nf3 g6 3.d4 cxd4 4.Nxd4 Nc6 5.Nc3 Bg7 6.Be3 Nf6 7.Bc4
Qa5 8.O-O O-O 9.h3 d6 10.a3 Bd7 11.Ba2 Rfc8 12.b4 Qd8 13.Qd2
Ne5 14.Rad1 Nc4 15.Bxc4 Rxc4 16.e5 dxe5 17.Nf3 Qc7 18.Bc5 Bf5
19.Qe3 b6 20.Nb5 Qb7 21.Qb3 Rf4 22.Nxe5 Be6 23.Qe3 Re4 24.Qc3
bxc5 25.Qxc5 Rc8 26.Qxa7 Qxb5 27.Nd3 Bc4 28.a4 Qb8 29.Qa5 Qa8
30.Qb6 Nd5 31.Qa5 Qxa5 32.bxa5 Nc3 33.Rde1 Bxd3 34.cxd3 Rxe1
35.Rxe1 e6 0-1

[Event "FIDE Open"]
[Site "Voronezh"]
[Date "2018.06.15"]
[Round "4.34"]
[White "Malinin, Sergey"]
[Black "Ochirova, Anita"]
[Result "1-0"]
[WhiteElo "1953"]
[BlackElo "1691"]
[Annotator ""]
[Source ""]
[Remark ""]

1.d4 d5 2.c4 e6 3.Nf3 Nf6 4.g3 Be7 5.Bg2 O-O 6.O-O Nbd7 7.Qc2
b6 8.cxd5 Nxd5 9.a3 Bb7 10.e4 N5f6 11.Nc3 Rc8 12.Rd1 c5 13.d5
exd5 14.e5 Ne8 15.Nxd5 Bxd5 16.Rxd5 Nc7 17.Rd1 Ne6 18.Qa4 Rc7
19.Bf1 Qa8 20.Rxd7 Qxf3 21.Rxc7 Nxc7 22.Qd7 Nd5 23.h4 Rd8 24.Qxa7
Bxh4 25.gxh4 Nf6 26.Bd2 Ng4 27.Be1 Qf4 28.Bg2 h6 29.Qe7 Rd2 30.Bxd2
Qxf2+ 31.Kh1 Qg3 32.Qe8+ Kh7 33.Be4+ g6 34.Qxf7+ Kh8 35.Qe8+
Kg7 36.Qxg6+ Kf8 37.Bxh6+ Ke7 38.Qd6+ Ke8 39.Bg6# 1-0

[Event "FIDE Open"]
[Site "Voronezh"]
[Date "2018.06.15"]
[Round "4.35"]
[White "Godzhurov, Lidzhi"]
[Black "Gorodnichev, Alexey"]
[Result "0-1"]
[WhiteElo "1703"]
[BlackElo "1949"]
[Annotator ""]
[Source ""]
[Remark ""]

1.Nf3 d5 2.g3 Nf6 3.Bg2 c6 4.d4 h6 5.O-O Bf5 6.c4 e6 7.Nc3 dxc4
8.Ne5 Nbd7 9.Nxc4 Nb6 10.Na5 Qd7 11.Na4 Nxa4 12.Qxa4 Rc8 13.Bd2
Be7 14.Rac1 O-O 15.Rfd1 Rfd8 16.Qb3 Rb8 17.Bf4 Bd6 18.Bxd6 Qxd6
19.Nc4 Qe7 20.Ne5 Nd7 21.Nxd7 Qxd7 22.e4 Bg4 23.f3 Bh5 24.g4
Bg6 25.f4 f6 26.d5 cxd5 27.exd5 e5 28.fxe5 fxe5 29.d6+ Kh7 30.h3
Rbc8 31.Rxc8 Qxc8 32.Qxb7 Qc5+ 33.Kh1 Rxd6 34.Rxd6 Qxd6 35.Qxa7
Qd1+ 36.Qg1 Qd2 37.a4 Qxb2 38.Qe3 Qa1+ 39.Kh2 e4 40.Bxe4 Qe5+
41.Kg2 Qxe4+ 42.Qxe4 Bxe4+ 0-1

[Event "FIDE Open"]
[Site "Voronezh"]
[Date "2018.06.15"]
[Round "4.36"]
[White "Chuprik, Ilya"]
[Black "Mikhnenko, Alexander"]
[Result "0-1"]
[WhiteElo "1650"]
[BlackElo "1945"]
[Annotator ""]
[Source ""]
[Remark ""]

1.Nf3 c5 2.g3 d5 3.c3 Nc6 4.d4 cxd4 5.cxd4 Bf5 6.Bg2 Nf6 7.O-O
e6 8.Nc3 Be7 9.Qb3 Qb6 10.Qxb6 axb6 11.Bf4 O-O 12.Rac1 Rfc8 13.a3
Na5 14.Nh4 Bg4 15.h3 Bh5 16.g4 Bg6 17.Nxg6 hxg6 18.e4 dxe4 19.Nxe4
Nd5 20.Bd6 Bd8 21.Bg3 Be7 22.Bd6 Kf8 23.Bxe7+ Kxe7 24.Kh2 Nb3
25.Rcd1 Rc2 26.Rd3 Rxb2 27.f4 Rxa3 28.Ng5 Raa2 0-1

[Event "FIDE Open"]
[Site "Voronezh"]
[Date "2018.06.15"]
[Round "4.37"]
[White "Pivina, Mariya"]
[Black "Vlasova, Olesia"]
[Result "1-0"]
[WhiteElo "1941"]
[BlackElo "1682"]
[Annotator ""]
[Source ""]
[Remark ""]

1.e4 c5 2.Nf3 e6 3.d4 cxd4 4.Nxd4 Nf6 5.Nc3 Nc6 6.Be3 Bb4 7.Nxc6
bxc6 8.e5 Nd5 9.Bd2 Nxc3 10.bxc3 Bc5 11.Qg4 g6 12.Bd3 Qc7 13.Qg3
Bf8 14.O-O Bg7 15.Rae1 O-O 16.Bg5 Re8 17.Kh1 Qa5 18.f4 Qxc3 19.Rf3
Qb4 20.a3 Qc5 21.Qh4 Qf8 22.Rh3 h6 23.g4 Bb7 24.Be4 Rab8 25.Bxh6
Bxh6 26.g5 c5 27.Bxb7 Rxb7 28.gxh6 Kh7 29.Qf6 Reb8 30.Kg2 Rd8
31.Rc3 Rc7 32.Rd1 Rc6 33.h4 Rcc8 34.h5 Qg8 35.Rg3 Rf8 36.hxg6+
fxg6 37.Rxd7+ 1-0

[Event "FIDE Open"]
[Site "Voronezh"]
[Date "2018.06.15"]
[Round "4.38"]
[White "Sibgatullin, Amir"]
[Black "Piskov, Vladimir A."]
[Result "1/2-1/2"]
[WhiteElo "1638"]
[BlackElo "1928"]
[Annotator ""]
[Source ""]
[Remark ""]

1.e4 g6 2.d4 Bg7 3.Nc3 c6 4.Nf3 d5 5.h3 dxe4 6.Nxe4 Nd7 7.Be3
Qc7 8.Bd3 e5 9.dxe5 Nxe5 10.Be2 Nxf3+ 11.Bxf3 Bxb2 12.Nd6+ Ke7
13.Nxc8+ Rxc8 14.Bc5+ Kf6 15.Bd4+ Bxd4 16.Qxd4+ Qe5+ 17.Qxe5+
Kxe5 18.O-O-O h5 19.Rd7 Nh6 20.Rxb7 a5 21.Re1+ Kd6 22.Re3 Rhd8
23.Rc3 c5 24.Rb6+ Ke5 25.Bxh5 Kd4 26.Rd3+ Kc4 27.Be2 Rxd3 28.Bxd3+
Kc3 29.Rb3+ Kd4 30.Ra3 c4 31.Ra4 Kc3 32.Be2 Nf5 33.Rxa5 Re8 34.Kd1
Nd4 35.Ra3+ Kb2 36.Re3 Rc8 37.Bf1 Nb5 38.Bxc4 Nc3+ 39.Rxc3 Kxc3
40.Bxf7 Rd8+ 41.Ke1 g5 42.Bg6 Rd6 43.Bd3 Re6+ 44.Kf1 Kd2 45.g3
Re1+ 46.Kg2 Ra1 47.f4 gxf4 48.gxf4 Ke3 49.f5 Rxa2 50.f6 Ra7 51.Bc4
Kd4 52.f7 Ra8 53.Bb3 Ke5 54.Kf3 Kf6 55.Bd5 Ra3+ 56.Ke4 Ke7 57.Bb3
Ra5 58.Kf4 Rc5 59.h4 Kf8 60.Kg4 Kg7 61.h5 Rc6 62.h6+ Rxh6 63.Bd5
Rh7 64.c4 Kf6 65.Kf4 Rh4+ 66.Ke3 Ke7 67.c5 Rh6 68.Kd4 Rh4+ 69.Kc3
Rf4 70.Bc4 Kd7 71.Bb5+ Kc7 72.Be8 Kd8 73.c6 Kc7 74.Kd3 1/2-1/2